Encyclopaedic dictionary of physics. (Record no. 10844)
[ view plain ]
| 000 -LEADER | |
|---|---|
| fixed length control field | 01368nam a2200397 4500 |
| 001 - CONTROL NUMBER | |
| control field | 000 |
| 005 - DATE AND TIME OF LATEST TRANSACTION | |
| control field | 20150626153957.0 |
| 007 - PHYSICAL DESCRIPTION FIXED FIELD--GENERAL INFORMATION | |
| fixed length control field | 000 |
| 008 - FIXED-LENGTH DATA ELEMENTS--GENERAL INFORMATION | |
| fixed length control field | 000 |
| 010 ## - LIBRARY OF CONGRESS CONTROL NUMBER | |
| LC control number | sn 83005086 |
| 022 0# - INTERNATIONAL STANDARD SERIAL NUMBER | |
| International Standard Serial Number | 0071-0199 |
| Source | j |
| 035 ## - SYSTEM CONTROL NUMBER | |
| System control number | (OCoLC)ocm05542431 |
| 040 ## - CATALOGING SOURCE | |
| Original cataloging agency | UOEL |
| Language of cataloging | eng |
| Transcribing agency | MH |
| Modifying agency | MnMULS |
| -- | N |
| -- | NSDP |
| -- | OCoLC |
| -- | N |
| -- | NSDP |
| -- | DLC |
| -- | NST |
| -- | OCoLC |
| -- | NSDP |
| -- | DLC |
| -- | OCoLC |
| -- | InU |
| -- | OCLCF |
| -- | OCLCO |
| -- | OU9 |
| 042 ## - AUTHENTICATION CODE | |
| Authentication code | nsdp |
| 050 00 - LIBRARY OF CONGRESS CALL NUMBER | |
| Classification number | REF QC5 |
| Item number | .E52 Suppl. |
| 082 #4 - DEWEY DECIMAL CLASSIFICATION NUMBER | |
| Classification number | 530.3 |
| 210 0# - ABBREVIATED TITLE | |
| Abbreviated title | Encycl. dict. phys., Suppl. vol. |
| 222 #0 - KEY TITLE | |
| Key title | Encyclopaedic dictionary of physics. Supplementary volume |
| 245 00 - TITLE STATEMENT | |
| Title | Encyclopaedic dictionary of physics. |
| Name of part/section of a work | Supplementary volume. |
| 246 30 - VARYING FORM OF TITLE | |
| Title proper/short title | Supplementary volume |
| 260 ## - PUBLICATION, DISTRIBUTION, ETC. (IMPRINT) | |
| Place of publication, distribution, etc | Oxford ; |
| -- | New York : |
| Name of publisher, distributor, etc | Pergamon Press, |
| Date of publication, distribution, etc | [c1966- |
| 300 ## - PHYSICAL DESCRIPTION | |
| Extent | v. : |
| Other physical details | ill. ; |
| Dimensions | 26 cm. |
| 310 ## - CURRENT PUBLICATION FREQUENCY | |
| Current publication frequency | Irregular |
| 362 0# - DATES OF PUBLICATION AND/OR SEQUENTIAL DESIGNATION | |
| Dates of publication and/or sequential designation | Vol. 1- |
| 500 ## - GENERAL NOTE | |
| General note | Editor-in-chief: J. Thewlis. |
| 520 ## - SUMMARY, ETC. | |
| Summary, etc | "General, nuclear, solid state, molecular, chemical, metal and vacuum physics, astronomy, geophysics, biophysics, and related subjects." |
| 650 #0 - SUBJECT ADDED ENTRY--TOPICAL TERM | |
| Topical term or geographic name as entry element | Physics |
| Form subdivision | Dictionaries. |
| Topical term or geographic name as entry element | Physics. |
| Source of heading or term | fast |
| 655 #7 - INDEX TERM--GENRE/FORM | |
| Genre/form data or focus term | Dictionaries. |
| Source of term | fast |
| 700 1# - ADDED ENTRY--PERSONAL NAME | |
| Personal name | Thewlis, James, |
| Dates associated with a name | 1905- |
| Relator term | ed. |
| 772 1# - SUPPLEMENT PARENT ENTRY | |
| Title | Encyclopaedic dictionary of physics |
| Record control number | (OCoLC)2250987 |
| 906 ## - LOCAL DATA ELEMENT F, LDF (RLIN) | |
| a | 7 |
| b | cbc |
| c | serials |
| d | u |
| e | ncip |
| f | 19 |
| g | n-oclcserc |
| 936 ## - OCLC/CONSER MISCELLANEOUS DATA (OCLC); PIECE USED FOR CATALOGING (pre-AACR2) (RLIN) | |
| OCLC control number(s) of parallel record(s) (OCLC); Piece used for cataloging, PUC (RLIN) | Supp. v. 5, 1975 |
| 942 ## - ADDED ENTRY ELEMENTS (KOHA) | |
| Source of classification or shelving scheme | Library of Congress Classification |
| Item type | Reference |
| Withdrawn status | Lost status | Source of classification or shelving scheme | Damaged status | Not for loan | Home library | Current library | Shelving location | Date acquired | Total Checkouts | Full call number | Barcode | Date last seen | Copy number | Price effective from | Koha item type |
|---|---|---|---|---|---|---|---|---|---|---|---|---|---|---|---|
| Library of Congress Classification | UOE Main Library | UOE Main Library | Reference | 26/06/2015 | REF QC5 .E52 (vol. 3) | 63793 | 26/06/2015 | 63793 | 26/06/2015 | Reference | |||||
| Library of Congress Classification | UOE Main Library | UOE Main Library | Reference | 26/06/2015 | REF QC5 .E52 (vol. 5) | 873795 | 26/06/2015 | 873795 | 26/06/2015 | Reference | |||||
| Library of Congress Classification | UOE Main Library | UOE Main Library | Reference | 26/06/2015 | REF QC5 .E52 (vol. 1) | 873791 | 26/06/2015 | 873791 | 26/06/2015 | Reference | |||||
| Library of Congress Classification | UOE Main Library | UOE Main Library | Reference | 26/06/2015 | REF QC5 .E52 (vol. 4) | 873794 | 26/06/2015 | 873794 | 26/06/2015 | Reference | |||||
| Library of Congress Classification | UOE Main Library | UOE Main Library | Reference | 26/06/2015 | REF QC5 .E52 (vol. 2) | 873792 | 26/06/2015 | 873792 | 26/06/2015 | Reference |
